Online
Catalog

Punto y aparte : (Record no. 11551)

MARC details
000 -CABECERA
campo de control de longitud fija 00851cam a2200241 a 4500
001 - NÚMERO DE CONTROL
campo de control 000011879
005 - FECHA Y HORA DE LA ÚLTIMA TRANSACCIÓN
campo de control 20200929162613.0
008 - DATOS DE LONGITUD FIJA--INFORMACIÓN GENERAL
campo de control de longitud fija 980630s1999 mauab 001 0 eng
020 ## - NÚMERO INTERNACIONAL ESTÁNDAR DEL LIBRO
Número Internacional Estándar del Libro 0070216614 (alk. paper)
040 ## - FUENTE DE LA CATALOGACIÓN
Centro catalogador/agencia de origen DO-SdBNP
Lengua de catalogación spa
Centro/agencia transcriptor BNPHU
041 07 - CÓDIGO DE LENGUA
Código de lengua del texto/banda sonora o título independiente eng
Fuente del código spa
082 ## - NÚMERO DE LA CLASIFICACIÓN DECIMAL DEWEY
Número de clasificación 468.2
Número de documento/Ítem F654p
100 1# - ENTRADA PRINCIPAL--NOMBRE DE PERSONA
Nombre de persona Foerster, Sharon.
9 (RLIN) 28079
245 10 - MENCIÓN DE TÍTULO
Título Punto y aparte :
Resto del título Spanish in review, moving towards fluency /
Mención de responsabilidad, etc. Sharon W. Foerster, Anne Lambright, Fatima Alfonso-Pinto.
246 30 - FORMA VARIANTE DE TÍTULO
Título propio/Titulo breve Punto
260 ## - PUBLICACIÓN, DISTRIBUCIÓN, ETC.
Lugar de publicación, distribución, etc. Boston :
Nombre del editor, distribuidor, etc. McGraw-Hill College,
Fecha de publicación, distribución, etc. 1999.
300 ## - DESCRIPCIÓN FÍSICA
Extensión xxi, 221, 46 p. :
Otras características físicas il., maps ;
Dimensiones 26 cm.
500 ## - NOTA GENERAL
Nota general "Este es un libro EBI"--T.p. verso.
500 ## - NOTA GENERAL
Nota general Incluye índice
650 #0 - PUNTO DE ACCESO ADICIONAL DE MATERIA--TÉRMINO DE MATERIA
Término de materia o nombre geográfico como elemento de entrada Lengua española
Subdivisión general Libro de texto para extranjeros
-- Inglés
9 (RLIN) 28080
700 1# - PUNTO DE ACCESO ADICIONAL--NOMBRE DE PERSONA
Nombre de persona Lambright, Anne.
9 (RLIN) 28081
700 1# - PUNTO DE ACCESO ADICIONAL--NOMBRE DE PERSONA
Nombre de persona Alfonso-Pinto, Fatima.
9 (RLIN) 28082
Holdings
Estado de retiro Estado de pérdida Restricciones de uso No para préstamo Código de colección Localización permanente Ubicación/localización actual Ubicación en estantería Fecha de adquisición Número de inventario Total de préstamos Signatura topográfica completa Código de barras Fecha visto por última vez Precio válido a partir de Tipo de ítem Koha Número de copia
    Préstamo interno   Monografías: Libros y Folletos General General En catalogación 29.10.2009 LF1   468.2 F654p 11879-10 25.06.2020 25.06.2020 Préstamo interno  
    Préstamo restringido Préstamo restrigido Monografías: Libros y Folletos General General En catalogación 29.10.2009 LF1   468.2 F654p 11879-20 25.06.2020 25.06.2020 Préstamo interno e.2

Powered by Koha